Dilemas y conflictos trg̀icos Una investigacin̤ conceptual

Detalles Bibliográficos
Autor principal: Lariguet, Guillermo
Formato: eBook
Lenguaje:español
Publicado: Lima : Palestra Editores, 2008
Materias:
Acceso en línea:http://www.vlex.com/source/11054

MARC

LEADER 00000nam a22000007a 4500
005 20130426104129.0
007 cr|||| ||||
008 130426e2008 pe |||||s|||| 00||0 spa d
020 |a 978-9972-224-81-2 
035 |a 11054 
040 |a vLex 
090 |c 4189  |d 4189 
100 1 0 |a Lariguet, Guillermo 
245 1 0 |a Dilemas y conflictos trg̀icos  |b Una investigacin̤ conceptual  |c / Guillermo Lariguet   |h [Recurso electrn̤ico] 
256 |a Servicio en ln̕ea 
260 |a Lima :  |b Palestra Editores,   |c 2008 
300 |a 1 Recurso electrn̤ico 
506 |d vLex Global  |d vLex Global (Academic Edition, excluding Law Schools)  |d vLex Global (U.S. Academic Edition, Law Schools)  |d vLex Global (U.S. Academic Edition, excluding Law Schools)  |d vLex Global (Academic Edition, Law Schools) 
650 0 4 |a Filosofa̕ del Derecho 
650 0 4 |a Teora̕ General del Derecho 
740 |a vLex Libros (Servicio en ln̕ea) 
856 |a Acceso restringido  |u http://www.vlex.com/source/11054 
942 |c BOOK